Délmagyarország. - 1934. június 16., Szombat
Elmentve itt :
| Dokumentumtípus: | Újság |
|---|---|
| Megjelent: |
1934-06-16
|
| Sorozat: | Délmagyarország
10 No. 136 |
| Online Access: | http://dmarchiv.bibl.u-szeged.hu/7391 |
| LEADER | 00487nas a2200145 i 4500 | ||
|---|---|---|---|
| 001 | delm7391 | ||
| 005 | 20200414153307.0 | ||
| 008 | 171214s1934 hu n o 0|| hun d | ||
| 022 | |a 0133-025X | ||
| 040 | |a SZTE Délmagyarország Archívum |b hun | ||
| 041 | |a hun | ||
| 245 | 0 | 0 | |a Délmagyarország. - 1934. június 16., Szombat |h [elektronikus dokumentum] |
| 260 | |c 1934-06-16 | ||
| 490 | 0 | |a Délmagyarország |v 10 No. 136 | |
| 856 | 4 | 0 | |u http://dmarchiv.bibl.u-szeged.hu/7391/1/dm_1934_136.pdf |z Dokumentum-elérés |